|
|
|
|
| LEADER |
00000nam0a2200000 4500 |
| 001 |
26052 |
| 005 |
20231030201428.0 |
| 010 |
|
|
|a 5885270147
|
| 035 |
|
|
|a (RuTPU)RU\TPU\book\26292
|
| 035 |
|
|
|a BOOK00000209
|
| 090 |
|
|
|a 26052
|
| 100 |
|
|
|a 20011209d1993 km y0rusy50 ca
|
| 101 |
0 |
|
|a rus
|
| 102 |
|
|
|a RU
|
| 105 |
|
|
|a а gj 000zy
|
| 200 |
1 |
|
|a Как готовиться к экзамену по математике
|e справочный материал по алгебре и началам анализа
|f Е. Г. Ивлиева
|
| 210 |
|
|
|a Москва
|c Школа-Пресс
|d 1993
|
| 215 |
|
|
|a 128 с.
|c ил.
|
| 225 |
1 |
|
|a Школа абитуриента: научись сам
|
| 510 |
1 |
|
|a Система заданий для самоконтроля
|
| 610 |
1 |
|
|a математика
|
| 610 |
1 |
|
|a алгебра
|
| 610 |
1 |
|
|a математический анализ
|
| 610 |
1 |
|
|a учебные пособия
|
| 610 |
1 |
|
|a самостоятельная работа
|
| 610 |
1 |
|
|a справочные материалы
|
| 675 |
|
|
|a 51(07)
|v 3
|
| 700 |
|
1 |
|a Ивлиева
|b Е. Г.
|g Елена Григорьевна
|
| 801 |
|
0 |
|a RU
|b 63413507
|c 20011209
|g PSBO
|
| 801 |
|
2 |
|a RU
|b 63413507
|c 20200206
|g PSBO
|
| 942 |
|
|
|c BK
|